| 000 | 00524nam a22001697a 4500 | ||
|---|---|---|---|
| 005 | 20241002070006.0 | ||
| 008 | 241002b |||||||| |||| 00| 0 eng d | ||
| 020 | _a409005924 | ||
| 041 | _aEnglish | ||
| 082 | _a348 SOU | ||
| 100 | _lEnglish | ||
| 245 |
_aThe South African Encyclopaedia of Forms and Precedents / _cLI Goldblatt |
||
| 260 |
_aDurban: _bButterworth and Company (Pty) Ltd, _c1972 |
||
| 300 |
_bxxiv, 139 pages; _c26 cm. |
||
| 650 |
_aLegal Practice _bLaw |
||
| 942 |
_cBK _6ALISON_BN_VRIES |
||
| 999 |
_c3187 _d3187 |
||